| Tag |
First Indicator |
Second Indicator |
Subfields |
| LEADER |
00000cgm a2200000Mi 4500 |
| 001 |
in00005585313 |
| 006 |
m o c |
| 007 |
cr |n||||||||a |
| 007 |
vz |za|z| |
| 008 |
170303s2014 cau078 e o vueng d |
| 005 |
20241201232950.1 |
| 035 |
|
|
|a (OCoLC)ocn986443023
|
| 040 |
|
|
|a ALSTP
|b eng
|e rda
|e pn
|c ALSTP
|d OCLCO
|d OCLCF
|d OCLCQ
|d OCLCO
|d OCLCA
|d AU@
|d OCLCO
|d OCLCL
|d OCLCQ
|d OCLCL
|d OCLCQ
|d DXU
|d OCLCO
|
| 019 |
|
|
|a 1443949776
|
| 035 |
|
|
|a (OCoLC)986443023
|z (OCoLC)1443949776
|
| 043 |
|
|
|a a-sy---
|a f-cm---
|a f-ke---
|a e-gx---
|
| 082 |
0 |
4 |
|a 304.8
|q OCoLC
|2 23/eng/20231120
|
| 049 |
|
|
|a TXAM
|
| 245 |
0 |
0 |
|a Die Unsichtbaren /
|c a film by Benjamin Kahlmeyer.
|
| 246 |
1 |
1 |
|a Invisibles
|
| 264 |
|
1 |
|a San Francisco, CA :
|b Video Project,
|c 2014.
|
| 300 |
|
|
|a 1 online resource (78 min.)
|
| 306 |
|
|
|a 011757
|
| 336 |
|
|
|a two-dimensional moving image
|b tdi
|2 rdacontent
|
| 337 |
|
|
|a video
|b v
|2 rdamedia
|
| 337 |
|
|
|a computer
|b c
|2 rdamedia
|
| 338 |
|
|
|a other
|b vz
|2 rdacarrier
|
| 338 |
|
|
|a online resource
|b cr
|2 rdacarrier
|
| 347 |
|
|
|a data file
|2 rda
|
| 490 |
0 |
|
|a Academic Video Online
|
| 500 |
|
|
|a Title from resource description page (viewed March 03, 2017).
|
| 520 |
|
|
|a Europe is in the grip of an immigration crisis: people from Africa, the Middle East, and elsewhere are arriving in ever greater numbers as they flee war, oppression, and a lack of opportunity. Germany receives more asylum seekers than any other European country. The Invisibles presents the human face of the immigration crisis, following four migrants from Syria, Kenya and Cameroon as they wade through Germany's rigorous immigration process and await the final verdict on their applications for asylum. At the initial registration center in EisenhÃơttenstadt, the men bond with fellow asylum seekers and attempt to stave off boredom and growing anxiety about their future. For all four, Germany is their only option. There is no 'Plan B'#x9D; should their applications be rejected. Some face life threatening circumstances if they are deported back to their home country. All are aware of how slim their chances, as Germany accepts only about 25% of asylum applicants. Without narration, the camera lingers to convey the uneasy stasis their lives have now become during this long and uncertain transitional period. During their three month wait in Germany, they are transferred to other camps or centers. As one man puts it while surveying his new location, 'Is this our home or our new cage?'
|
| 546 |
|
|
|a In English.
|
| 650 |
|
0 |
|a Political refugees
|z Syria.
|
| 650 |
|
0 |
|a Political refugees
|z Cameroon.
|
| 650 |
|
0 |
|a Political refugees
|z Kenya.
|
| 650 |
|
0 |
|a Political refugees
|z Germany.
|
| 650 |
|
0 |
|a Emigration and immigration law
|z Germany.
|
| 650 |
|
0 |
|a Emigration and immigration law.
|
| 651 |
|
0 |
|a Germany
|x Emigration and immigration.
|
| 651 |
|
6 |
|a Allemagne
|x Émigration et immigration.
|
| 650 |
|
7 |
|a Emigration and immigration
|2 fast
|
| 650 |
|
7 |
|a Emigration and immigration law
|2 fast
|
| 650 |
|
7 |
|a Political refugees
|2 fast
|
| 651 |
|
7 |
|a Cameroon
|2 fast
|1 https://id.oclc.org/worldcat/entity/E39PBJrrCCJKHyfBgbQyKWtR8C
|
| 651 |
|
7 |
|a Germany
|2 fast
|1 https://id.oclc.org/worldcat/entity/E39PBJtCD3rcKcPDx6FHmjvrbd
|
| 651 |
|
7 |
|a Kenya
|2 fast
|1 https://id.oclc.org/worldcat/entity/E39PBJrgMQKpcY3M4dvk48PJDq
|
| 651 |
|
7 |
|a Syria
|2 fast
|1 https://id.oclc.org/worldcat/entity/E39QbtfRrbPWVQ3tvhM9q9jX7B
|
| 655 |
|
2 |
|a Documentaries and Factual Films
|
| 655 |
|
7 |
|a documentary film.
|2 aat
|
| 655 |
|
7 |
|a Documentary films
|2 fast
|
| 655 |
|
7 |
|a Nonfiction films
|2 fast
|
| 655 |
|
7 |
|a Documentary films.
|2 lcgft
|
| 655 |
|
7 |
|a Nonfiction films.
|2 lcgft
|
| 655 |
|
7 |
|a Documentaires.
|2 rvmgf
|
| 655 |
|
7 |
|a Films autres que de fiction.
|2 rvmgf
|
| 700 |
1 |
|
|a Kahlmeyer, Benjamin,
|e screenwriter,
|e director.
|
| 700 |
1 |
|
|a Hanke-El Ghomri, Gudrun,
|d 1961-
|e editor of moving image work.
|1 https://id.oclc.org/worldcat/entity/E39PCjtmMC4pfhbhfKbkYxm7xP
|
| 710 |
2 |
|
|a AV Medien Penrose,
|e production company.
|
| 758 |
|
|
|i has work:
|a The invisibles (MovingImage)
|1 https://id.oclc.org/worldcat/entity/E39PCFWRBk3B9R7bQRjykbVtJC
|4 https://id.oclc.org/worldcat/ontology/hasWork
|
| 856 |
4 |
0 |
|u http://proxy.library.tamu.edu/login?url=https://www.aspresolver.com/aspresolver.asp?MARC;3394235
|z Connect to this streaming video (Alexander Street Press)
|t 0
|
| 955 |
|
|
|a Alexander Street Press subscription streaming video
|
| 994 |
|
|
|a 92
|b TXA
|
| 999 |
f |
f |
|s 979b2064-777b-4122-926e-319e69625150
|i 925a36a5-3961-4bf7-9059-05a96cc091d1
|t 0
|
| 952 |
f |
f |
|a Texas A&M University
|b College Station
|c Electronic Resources
|d Available Online
|t 0
|h Library of Congress classification
|
| 998 |
f |
f |
|t 0
|l Available Online
|